1463 1121 1444 1822 1146 1621 1806 1000 1542 1735 1895 1097 1317 1386 1070 1364 1648 1306 1670 1776 1829 1962 1183 1334 1296 1246 1844 1584 1120 1804 1226 1726 1654 1968 1160 1139 1140 1624 1063 1048 1026 1549 1638 1030 1103 1950 1001 1203 1708 1979 1914 1857 1219 1377 1438 1642 1721 1334 1324 1117 1198 1757 1743 1856 1131 1318 1953 1099 1656 1455 1904 1558 1287 1983 1256 1039 1167 1656 1758 1360 1345 1936 1854 1469 1512 1602 1020 1039 1052 1921 1121 1764 1757 1198 1930 1404 1236 1572 1374 BCNSPRNW ULIB Ver.6.0+V

เปลี่ยนเป็นภาษาไทย

Change to English
 แสดงรายละเอียดบรรณานุกรม
  กลับหน้าหลัก

Brief Record : Get Marc (ISO 2709) : E-mail record : QR code < ปิดหน้าต่าง
LEADER : 00000nam 2200000uu 4500
001    13399108864
003     ULIB
008    110315s2543||||th 000 0 tha d
020    9745893471
060 04 W85^bส815ก 2543
100 0  สุรีย์ จันทรโมลี
245 10 กลวิธีทางสุขภาพ =^bHealth strategy /^cสุรีย์ จันทรโมลี
246 31 Health strategy
250    พิมพ์ครั้งที่ 3
260    ม.ป.ท. :^bภาควิชาสุขศึกษาและพฤติกรรมศาสตร์มหาวิทยาลัยมหิดล,^c2543
300    160 หน้า ;^c29 ซม.
650  7 พฤติกรรมสุขภาพ
650  7 สุขศึกษา
650  7 การสัมภาษณ์
945    ^p150^l0^i014203
945    ^p150^l0^i014199
945    ^p150^l0^i014198
945    ^p150^l0^i014197
945    ^p150^l0^i014196
945    ^p150^l0^i014200
945    ^p150^l0^i014195
995    ทศพร
999 ^a ใช้งานได้ทุกระบบ
รายการนี้ยังไม่มีแท็ก
คุณยังไม่ได้ล็อกอิน คุณสามารถมีกิจกรรมร่วมกับเว็บไซต์ได้ แต่ต้องล็อกอินก่อน ::
  ล็อกอิน

รายการสื่อสารสนเทศ

ลำดับที่ ประเภท เลขเรียก/บาร์โค้ด สถานที่ สถานะ
- ไม่พบข้อมูล -

รายการใกล้เคียง
    ผู้แต่ง [สุรีย์ จันทรโมลี]

    หัวเรื่อง [พฤติกรรมสุขภาพ]
    หัวเรื่อง [สุขศึกษา]
    หัวเรื่อง [การสัมภาษณ์]

BibComment


ยังไม่เคยถูกคอมเมนท์

คอมเมนท์ทรัพยากรรายการนี้
  คอมเมนท์: กลวิธีทางสุขภาพ ..


 Copyright 2026. Bcnsprnw @Library